000 00990nam a22002177a 4500
005 20260304113349.0
008 250113b |||||||| |||| 00| 0 eng d
082 _aDPer 370.15 J826 October-November 2023 v. 115 n. 7-8
100 _aBerweger, Belinda.
_eauthor.
_964446
245 _aPreservice teachers' epistemic and achievement emotions when confronted with common misconceptions about education /
_cBelinda Berweger, Bärbel Kracke, and Julia Dietrich.
260 _aWashington, DC ;
_bAmerican Psychological Association ,
_cOctober 2023.
300 _aVolume 115, pages 951-968 :
_billustration ;
_c28 cm.
500 _aJournal of Educational Psychology, vol. 115 no. 7, pages 951-968, October 2023.
650 0 _aPreservice teachers.
_964965
650 0 _a Misconceptions.
_964966
650 0 _aEpistemology.
_964967
700 _aBerweger, Belinda.
_eauthor.
_964446
700 _aKracke, Bärbel.
_eauthor.
_964447
700 _aDietrich. Julia.
_eauthor.
_964448
942 _2ddc
_cPER
999 _c23278
_d23278